Movies Quiz

Random Movies or Pixar Quiz

Clickable Disney Pairs Quiz Stats

 Plays Quiz Updated Apr 28, 2017

Support Sporcle.
Go Orange.
Score 0/20 Timer 06:00
3 Plays Today
% Correct
Ariel, Nemo
96.5%
Aladdin, Kristoff
91.5%
Tod, Bambi
89.5%
Scar, Prince John
88.4%
Mike Wazowski, Agent Pleakley
86.5%
Hercules, Maui
86.2%
Pongo, Wendy Darling
82.8%
Hades, Joy
80.6%
Nani, Elsa
79.2%
Kida, Elsa
79.2%
% Correct
Maleficent, Jack-Jack
78%
Samson, Sven
76%
Percival McLeach, Mother Gothel
71.2%
Lady Tremaine, Alice
70%
Milo Thatch, Edna Mode
69.2%
Kenai, Kuzco
68.6%
Esmeralda, Rapunzel
68.1%
Flynn Rider, Megara
66.5%
Kocoum, Kerchak
51.3%
Megara, Kronk
49.9%

You're not logged in!

Compare scores with friends on all Sporcle quizzes.
OR
Log In
Forgot?

From the Vault

Transcontinental Countries

by Jam1

If you don't do well, you might need a transcontinental transfusion.
Remove Ads.
Support Sporcle.
Get the best of Sporcle when you Go Orange. This ad-free experience offers more features, more stats, and more fun while also helping to support Sporcle. Thank you for becoming a member.

Show Comments

Extras

Top Quizzes Today


Score Distribution

Your Account Isn't Verified!

In order to create a playlist on Sporcle, you need to verify the email address you used during registration. Go to your Sporcle Settings to finish the process.

Report this User

Report this user for behavior that violates our Community Guidelines.

Details: